000 00477nam a22001457a 4500
008 250519b |||||||| |||| 00| 0 eng d
020 _a9780861545162
050 _aQP425
_b.M55
100 _aMiller ,Kenneth
245 _aMapping the darkness
_bthe visionary scientists who unlocked the mysteries of sleep
260 _aLondon
_bOne world publications
_c2023
300 _axviii, 330
_bill
650 _aKleitman, Nathaniel, 1895-1999
_vDement, william c, 1928-2020
942 _cBK
999 _c3541
_d3541